000 00311nam a22001337a 4500
008 170525b xxu||||| |||| 00| 0 eng d
020 _a9780136248422
041 _aeng
080 _a62
100 _a26
101 _aIM
245 _aSOFTWARE ENGINEERING THEORY AND PRACTICE
_cPFLEEGER,SH.L
942 _2udc
_cBK
999 _c14299
_d14299